<?xml version="1.0" encoding="UTF-8"?>
<record
    xmlns:xsi="http://www.w3.org/2001/XMLSchema-instance"
    xsi:schemaLocation="http://www.loc.gov/MARC21/slim http://www.loc.gov/standards/marcxml/schema/MARC21slim.xsd"
    xmlns="http://www.loc.gov/MARC21/slim">

  <leader>01233nam0a22003131  4500</leader>
  <controlfield tag="001">v19\rc\1641901</controlfield>
  <controlfield tag="005">20250619000331.0</controlfield>
  <datafield tag="035" ind1=" " ind2=" ">
    <subfield code="a">(NLR Aleph) 004755007</subfield>
  </datafield>
  <datafield tag="090" ind1=" " ind2=" ">
    <subfield code="a">4555315</subfield>
    <subfield code="c">4555315</subfield>
  </datafield>
  <datafield tag="100" ind1=" " ind2=" ">
    <subfield code="a">20061002e18851885|||y0rusy50      ca</subfield>
  </datafield>
  <datafield tag="101" ind1="0" ind2=" ">
    <subfield code="a">rus</subfield>
  </datafield>
  <datafield tag="102" ind1=" " ind2=" ">
    <subfield code="a">RU</subfield>
  </datafield>
  <datafield tag="105" ind1=" " ind2=" ">
    <subfield code="a">e   z   |||||</subfield>
  </datafield>
  <datafield tag="200" ind1="1" ind2=" ">
    <subfield code="a">&#x421;&#x440;&#x430;&#x436;&#x435;&#x43D;&#x438;&#x435; &#x43F;&#x43E;&#x434; &#x424;&#x440;&#x438;&#x434;&#x43B;&#x430;&#x43D;&#x434;&#x43E;&#x43C; 2-&#x433;&#x43E; &#x438;&#x44E;&#x43D;&#x44F; 1807 &#x433;&#x43E;&#x434;&#x430;</subfield>
  </datafield>
  <datafield tag="210" ind1=" " ind2=" ">
    <subfield code="a">&#x421;&#x430;&#x43D;&#x43A;&#x442;-&#x41F;&#x435;&#x442;&#x435;&#x440;&#x431;&#x443;&#x440;&#x433;</subfield>
    <subfield code="c">&#x440;&#x435;&#x434;. &#x436;&#x443;&#x440;&#x43D;. "&#x427;&#x442;&#x435;&#x43D;&#x438;&#x435; &#x434;&#x43B;&#x44F; &#x441;&#x43E;&#x43B;&#x434;&#x430;&#x442;"</subfield>
    <subfield code="d">1885</subfield>
  </datafield>
  <datafield tag="215" ind1=" " ind2=" ">
    <subfield code="a">20 &#x441;.</subfield>
    <subfield code="c">&#x43F;&#x43B;.</subfield>
    <subfield code="d">21</subfield>
  </datafield>
  <datafield tag="311" ind1=" " ind2=" ">
    <subfield code="a">&#x41E;&#x442;&#x442;. &#x438;&#x437; &#x436;&#x443;&#x440;&#x43D;. "&#x427;&#x442;&#x435;&#x43D;&#x438;&#x435; &#x434;&#x43B;&#x44F; &#x441;&#x43E;&#x43B;&#x434;&#x430;&#x442;", 1885, &#x43A;&#x43D;. 2; &#x432; &#x43A;&#x43E;&#x43D;&#x446;&#x435; &#x441;&#x442;. &#x432; &#x436;&#x443;&#x440;&#x43D;.: &#x41A;-&#x44A;</subfield>
  </datafield>
  <datafield tag="488" ind1=" " ind2="0">
    <subfield code="1">2001#$a&#x427;&#x442;&#x435;&#x43D;&#x438;&#x435; &#x434;&#x43B;&#x44F; &#x441;&#x43E;&#x43B;&#x434;&#x430;&#x442;$v1885, &#x43A;&#x43D;. 2</subfield>
    <subfield code="1">300##$a&#x412; &#x43A;&#x43E;&#x43D;&#x446;&#x435; &#x441;&#x442;. &#x432; &#x436;&#x443;&#x440;&#x43D;.: &#x41A;-&#x44A;</subfield>
    <subfield code="t">&#x427;&#x442;&#x435;&#x43D;&#x438;&#x435; &#x434;&#x43B;&#x44F; &#x441;&#x43E;&#x43B;&#x434;&#x430;&#x442;</subfield>
  </datafield>
  <datafield tag="532" ind1="1" ind2="1">
    <subfield code="a">&#x421;&#x440;&#x430;&#x436;&#x435;&#x43D;&#x438;&#x435; &#x43F;&#x43E;&#x434; &#x424;&#x440;&#x438;&#x434;&#x43B;&#x430;&#x43D;&#x434;&#x43E;&#x43C; &#x432;&#x442;&#x43E;&#x440;&#x43E;&#x433;&#x43E; &#x438;&#x44E;&#x43D;&#x44F; &#x442;&#x44B;&#x441;&#x44F;&#x447;&#x430; &#x432;&#x43E;&#x441;&#x435;&#x43C;&#x44C;&#x441;&#x43E;&#x442; &#x441;&#x435;&#x434;&#x44C;&#x43C;&#x43E;&#x433;&#x43E; &#x433;&#x43E;&#x434;&#x430;</subfield>
  </datafield>
  <datafield tag="702" ind1=" " ind2="1">
    <subfield code="a">&#x41A;-&#x44A;</subfield>
    <subfield code="4">220</subfield>
  </datafield>
  <datafield tag="801" ind1=" " ind2="0">
    <subfield code="a">RU</subfield>
    <subfield code="b">NLR</subfield>
    <subfield code="g">psbo</subfield>
  </datafield>
  <datafield tag="801" ind1=" " ind2="0">
    <subfield code="a">RU</subfield>
    <subfield code="b">RuMoRGB</subfield>
    <subfield code="2">psbo</subfield>
  </datafield>
  <datafield tag="801" ind1=" " ind2="1">
    <subfield code="a">RU</subfield>
    <subfield code="b">ProSoft-M</subfield>
    <subfield code="2">rusmarc</subfield>
  </datafield>
  <datafield tag="852" ind1=" " ind2=" ">
    <subfield code="a">NLR</subfield>
    <subfield code="j">18.222.3.163</subfield>
  </datafield>
  <datafield tag="899" ind1=" " ind2=" ">
    <subfield code="a">RuMoRGB</subfield>
    <subfield code="j">U 269/849</subfield>
  </datafield>
  <datafield tag="899" ind1=" " ind2=" ">
    <subfield code="a">RuMoRGB</subfield>
    <subfield code="j">U 269/1073</subfield>
  </datafield>
  <datafield tag="899" ind1=" " ind2=" ">
    <subfield code="a">&#x411;&#x410;&#x41D;</subfield>
  </datafield>
  <datafield tag="942" ind1=" " ind2=" ">
    <subfield code="c">BOOK</subfield>
  </datafield>
  <datafield tag="980" ind1=" " ind2=" ">
    <subfield code="a">NB</subfield>
  </datafield>
  <datafield tag="995" ind1=" " ind2=" ">
    <subfield code="5">2013-10-26</subfield>
    <subfield code="b">NLR02</subfield>
    <subfield code="c">NLR02</subfield>
    <subfield code="e">RFS</subfield>
    <subfield code="f">4755007-10</subfield>
    <subfield code="k">18.222.3.163</subfield>
    <subfield code="o">0</subfield>
    <subfield code="r">BOOK</subfield>
    <subfield code="s">182223163_</subfield>
  </datafield>
  <datafield tag="995" ind1=" " ind2=" ">
    <subfield code="5">2013-10-26</subfield>
    <subfield code="b">NLR01</subfield>
    <subfield code="c">NLR01</subfield>
    <subfield code="e">TEMP</subfield>
    <subfield code="f">4755007-40</subfield>
    <subfield code="o">0</subfield>
    <subfield code="r">BOOK</subfield>
  </datafield>
</record>
